| 000 | 00566nam a22002057a 4500 | ||
|---|---|---|---|
| 005 | 20170329145846.0 | ||
| 008 | 170329b xxu||||| |||| 00| 0 eng d | ||
| 020 |
_a9789352293247 _c₹ 295.00 |
||
| 040 | _aLoreto College | ||
| 041 | _aHindi | ||
| 082 |
_a891.431 _bMEE-TEJ |
||
| 100 | _aTejawat, Arvind Sing | ||
| 245 |
_aMeeran ki bhakti evam rajneeti _cArvind Sing Tejawat |
||
| 260 |
_aNew Delhi _bVani Prakashan _c2015 |
||
| 300 |
_a136p. _b22cm |
||
| 600 | _aMeerabai | ||
| 650 | _aHindi poetry-Criticism interpretation | ||
| 850 | _aLCLIB | ||
| 942 | _cBK | ||
| 999 |
_c41011 _d91490 |
||